<?xml version="1.0" encoding="UTF-8"?>
<record
    xmlns:xsi="http://www.w3.org/2001/XMLSchema-instance"
    xsi:schemaLocation="http://www.loc.gov/MARC21/slim http://www.loc.gov/standards/marcxml/schema/MARC21slim.xsd"
    xmlns="http://www.loc.gov/MARC21/slim">

  <leader>01574    a2200229   4500</leader>
  <controlfield tag="001">41312</controlfield>
  <controlfield tag="005">20260407155707.0</controlfield>
  <controlfield tag="008">260407a2016    arg                 spa d</controlfield>
  <controlfield tag="003">AR-UNSa-BCEJYS</controlfield>
  <datafield tag="040" ind1=" " ind2=" ">
    <subfield code="a">AR-UNSa-BCEJYS</subfield>
    <subfield code="b">spa</subfield>
    <subfield code="c">AR-UNSa-BCEJYS</subfield>
  </datafield>
  <datafield tag="080" ind1=" " ind2=" ">
    <subfield code="a">347.925</subfield>
    <subfield code="x">Conciliaci&#xF3;n. Avenencia (Mediaci&#xF3;n)</subfield>
  </datafield>
  <datafield tag="245" ind1="1" ind2="0">
    <subfield code="a">Mediaci&#xF3;n</subfield>
    <subfield code="p">Aspectos fundamentales</subfield>
  </datafield>
  <datafield tag="020" ind1=" " ind2=" ">
    <subfield code="a">978-987-3953-04-0</subfield>
  </datafield>
  <datafield tag="264" ind1=" " ind2="1">
    <subfield code="a">Buenos Aires :</subfield>
    <subfield code="b">Erreius</subfield>
    <subfield code="c">2016</subfield>
  </datafield>
  <datafield tag="300" ind1=" " ind2=" ">
    <subfield code="a">112 p.</subfield>
    <subfield code="c">26 cm.</subfield>
  </datafield>
  <datafield tag="505" ind1=" " ind2=" ">
    <subfield code="a">1. La mediaci&#xF3;n familiar y los mediadores familiares / Diana T. Eilbaum - 2. Cuando las parejas se separan, los mediadores transforman sus conflictos / Ema Berardo - 3. La suspensi&#xF3;n de la prescripci&#xF3;n en la mediaci&#xF3;n. La caducidad de la instancia de mediaci&#xF3;n. Leyes 26589, 24240 y 26994 / Mar&#xED;a Quintana - 4. Proiceso de mediaci&#xF3;n en el &#xE1;mbito nacional / Cecilia Figueira - 5. Honorarios del mediador / Mar&#xED;a E. Franzone - 6. Mediaci&#xF3;n organizacional empresaria / M&#xF3;nica Fern&#xE1;ndez Arhex - 7. Derecho del consumo. Cambio de paradigma / Mar&#xED;a del Rosario Saavedra - 8. Mediaci&#xF3;n penal en tiempos de c&#xF3;lera / Beatriz E. Avila - 9. Proceso de mediaci&#xF3;n en el &#xE1;mbito de la provincia de Buenos Aires / Cecilia Figueira - 10. Diferencias entre ley de mediaci&#xF3;n de la provincia de Buenos Aires (L: 13951) y la ley de Naci&#xF3;n (L: 26589) / Mar&#xED;a E. Franzone</subfield>
  </datafield>
  <datafield tag="041" ind1=" " ind2=" ">
    <subfield code="a">spa</subfield>
  </datafield>
  <datafield tag="942" ind1=" " ind2=" ">
    <subfield code="c">BK</subfield>
  </datafield>
  <datafield tag="590" ind1=" " ind2=" ">
    <subfield code="a">niveau_biblio:m niveau_hierar:0</subfield>
  </datafield>
  <datafield tag="100" ind1="1" ind2=" ">
    <subfield code="a">Franzone, Mar&#xED;a Elena</subfield>
  </datafield>
  <datafield tag="856" ind1="4" ind2="1">
    <subfield code="u">https://biblioeco.unsa.edu.ar/pmb/images/libros/E00025.jpg</subfield>
    <subfield code="y">Imagen de portada</subfield>
    <subfield code="q">image/jpeg</subfield>
  </datafield>
  <datafield tag="999" ind1=" " ind2=" ">
    <subfield code="c">3455</subfield>
    <subfield code="d">3455</subfield>
  </datafield>
  <datafield tag="952" ind1=" " ind2=" ">
    <subfield code="0">0</subfield>
    <subfield code="1">0</subfield>
    <subfield code="4">0</subfield>
    <subfield code="7">0</subfield>
    <subfield code="a">BCEJYS</subfield>
    <subfield code="b">BCEJYS</subfield>
    <subfield code="c">16</subfield>
    <subfield code="d">2026-04-07</subfield>
    <subfield code="l">0</subfield>
    <subfield code="o">E347.925 F837/ER</subfield>
    <subfield code="p">E00025</subfield>
    <subfield code="r">2026-04-07 15:57:07</subfield>
    <subfield code="w">2026-04-07</subfield>
    <subfield code="y">L</subfield>
  </datafield>
</record>
